MDQL
is popping MORE tags! Check the
thread
!
Quizzes
Events
Quiz Creation
Community
Videos
Private Events
Remove Ads
Sign In
Join for FREE
Feedback
Dark Mode
Quiz Categories
Sports
Geography
Music
Movies
Television
Just For Fun
Miscellaneous
History
Literature
Language
Science
Gaming
Entertainment
Religion
Holiday
For Kids
Quiz Lab
Recent
Popular Today
Quiz Kudos Today
Editor Picks
Curator Picks
Quizzes by...
Day
Popularity
Type
Ratings
Length
Year
Community
Subscriptions
Recent Discussions
Orange Saloon
Badges
Playlists
Quests
Create
Leaderboards
Showdown
Live 5
Trivia Bingo
Activity
Puzzle Library
Sporcle Events
Private Events
Virtual Trivia
Globe League
Become a Host
Pub Owners
SporcleCon
Opinionation
Our Games
Videos
Blog
Mobile Apps
Partnerships
Remove Ads and Go Orange
Feedback
Music
Pop Music
The Beatles
Song
Album
Lyrics
Bands
Singers
Artist
Clip
Rock
Rap
Classical
Billboard
Country Music
Kpop
Taylor Swift
Music
Pop Music
The Beatles
Song
Album
Lyrics
Bands
Singers
Artist
Clip
Rock
Rap
Classical
Billboard
Country Music
Kpop
Taylor Swift
Random Quiz
Search Sporcle
×
Quiz Lab
Quiz Lab
Music
Song
Type in answers that appear in a list
Type in answers that appear in a list
Classic
Best Score? Go Orange.
Aesop Rock Songs Stats
Can you name the Aesop Rock songs?
By
dc_pigpen
16m
100 Questions
63 Plays
63 Plays
63 Plays
Comments
Comments
Give Quiz Kudos
Give Quiz Kudos
-
- Ratings
hide this ad
Replay
Link that replays current quiz
Next Quiz
Link to next quiz in quiz playlist
You Got
0%
They Got
Avg Score
30%
Avg Friend Score
Upgrade to see
Score Distribution
Jump to the score distribution portion of the page
Score
0/100
Timer
16:00
0
Plays Today
Album
Song
% Correct
[2007] None Shall Pass
None Shall Pass
96.8%
[2001] Labor Days
Daylight
90.5%
[2002] Daylight (EP)
Daylight
90.5%
[2007] None Shall Pass
Coffee (f. John Darnielle)
71.4%
[2000] Float
Float
68.3%
[2001] Labor Days
Labor
68.3%
[2002] Daylight (EP)
Night Light
66.7%
[2003] Bazooka Tooth
Bazooka Tooth
66.7%
[2005] Fast Cars, Danger, Fire and Knives (EP)
Fast Cars
54%
[1999] Appleseed (EP)
Appleseed Intro
50.8%
[2007] None Shall Pass
Catacomb Kids
50.8%
[2007] None Shall Pass
Pigs
50.8%
[2007] None Shall Pass
Keep Off the Lawn
49.2%
[2001] Labor Days
9-5er's Anthem
47.6%
[2007] None Shall Pass
Bring Back Pluto
47.6%
[2007] None Shall Pass
Citronella
42.9%
[2001] Labor Days
The Tugboat Complex Part 3
41.3%
[2007] None Shall Pass
The Harbor is Yours
41.3%
[2001] Labor Days
No Regrets
39.7%
[2000] Float
Commencement at the Obedience Academy
38.1%
[2000] Float
Big Bang
38.1%
[2001] Labor Days
Boombox
38.1%
[2001] Labor Days
Shovel
36.5%
[2007] None Shall Pass
Getaway Car (f. Cage & Breeze Brewin)
36.5%
[2003] Bazooka Tooth
The Greatest Pac-Man Victory in History
34.9%
[2007] None Shall Pass
Five Fingers
34.9%
[2007] None Shall Pass
Dark Heart News (f. Rob Sonic)
34.9%
[2000] Float
Breakfast with Blockhead
33.3%
[2001] Labor Days
One Brick (f. Illogic)
33.3%
[2003] Bazooka Tooth
N.Y. Electric/Hunter Interlude
33.3%
[2007] None Shall Pass
39 Thieves
33.3%
[2000] Float
Lunch with Blockhead
31.7%
[2000] Float
Dinner with Blockhead
31.7%
[2001] Labor Days
Flashflood
31.7%
Album
Song
% Correct
[2007] None Shall Pass
Gun for the Whole Family (f. El-P)
31.7%
[2000] Float
How to Be a Carpenter
30.2%
[2001] Labor Days
Coma
30.2%
[2000] Float
I'll Be OK (f. Slug)
28.6%
[2000] Float
Basic Cable
28.6%
[2000] Float
The Mayor and the Crook
28.6%
[2001] Labor Days
Bent Life (f. C-Rayz Walz)
28.6%
[2003] Bazooka Tooth
No Jumper Cables
28.6%
[2003] Bazooka Tooth
We're Famous (f. El-P)
28.6%
[2003] Bazooka Tooth
Mars Attacks
28.6%
[2005] Fast Cars, Danger, Fire and Knives (EP)
Food, Clothes, Medicine
28.6%
[2007] None Shall Pass
No City
28.6%
[2000] Float
Oxygen
27%
[2000] Float
Drawbridge (f. Dose One)
27%
[2001] Labor Days
Save Yourself
27%
[2002] Daylight (EP)
Nickel Plated Pockets
27%
[2002] Daylight (EP)
One of Four (Thank You)
27%
[2005] Fast Cars, Danger, Fire and Knives (EP)
Holy Smokes
27%
[2000] Float
6B Panorama
25.4%
[2003] Bazooka Tooth
Babies with Guns
25.4%
[2000] Float
Garbage
23.8%
[2001] Labor Days
Battery
23.8%
[2002] Daylight (EP)
Forest Crunk
23.8%
[2003] Bazooka Tooth
Freeze/Honeycomb Interlude
23.8%
[2005] Fast Cars, Danger, Fire and Knives (EP)
Zodiaccupuncture
23.8%
[1999] Appleseed (EP)
Odessa (f. Dose One)
22.2%
[2000] Float
Spare a Match
22.2%
[2000] Float
Attention Span (f. Vast Aire)
22.2%
[2001] Labor Days
The Yes and the Y'all
22.2%
[2002] Daylight (EP)
Alchemy (f. Blueprint)
22.2%
[2003] Bazooka Tooth
Easy
22.2%
[2003] Bazooka Tooth
Frijoles
22.2%
[2003] Bazooka Tooth
11:35/Ketamine U.S.A Interlude (f. Mr. Lif)
22.2%
[2005] Fast Cars, Danger, Fire and Knives (EP)
Number Nine
22.2%
Album
Song
% Correct
[2005] Fast Cars, Danger, Fire and Knives (EP)
Facemelter
22.2%
[2007] None Shall Pass
Fumes
22.2%
[2000] Float
Fascination
20.6%
[2000] Float
Prosperity
20.6%
[1997] Music for Earthworms
Abandon All Hope
19%
[1997] Music for Earthworms
Shere Khan
19%
[1999] Appleseed (EP)
Hold the Cup
19%
[2000] Float
No Splash
19%
[2003] Bazooka Tooth
Limelighters/Flunkadelic Interlude (f. Camp Lo)
19%
[2003] Bazooka Tooth
Cook It Up (f. Party Fun Action Committee)
19%
[1997] Music for Earthworms
Coward of the Year (f. Percee P)
17.5%
[1997] Music for Earthworms
Plastic Soldiers
17.5%
[1999] Appleseed (EP)
1,000 Deaths
17.5%
[2000] Float
Skip Town
17.5%
[2002] Daylight (EP)
Bracket Basher
17.5%
[2002] Daylight (EP)
Maintenance
17.5%
[1997] Music for Earthworms
The Substance
15.9%
[1997] Music for Earthworms
Antisocial
15.9%
[1999] Appleseed (EP)
Sick Friend
15.9%
[2003] Bazooka Tooth
Super Fluke
15.9%
[2005] Fast Cars, Danger, Fire and Knives (EP)
Rickety Rackety (f. El-P & Camu Tao)
15.9%
[1997] Music for Earthworms
Wake Up Call (f. Percee P)
14.3%
[1999] Appleseed (EP)
Blue in the Face
14.3%
[1997] Music for Earthworms
89.9FM Nighttrain Promo
12.7%
[1997] Music for Earthworms
Coordinates
12.7%
[1997] Music for Earthworms
Troubled Waters
12.7%
[2003] Bazooka Tooth
Kill the Messenger
12.7%
[2005] Fast Cars, Danger, Fire and Knives (EP)
Winners Take All
12.7%
[1999] Appleseed (EP)
Dryspell
11.1%
[1999] Appleseed (EP)
Same Space (The Tugboat Complex Part 2)
11.1%
[1997] Music for Earthworms
Merit
9.5%
[1997] Music for Earthworms
Live on 89.9 Night Train
7.9%
Quiz Playlist
Details
Report
Send in Message
Add To Playlist
Classic:
Type in answers that appear in a list
Last Updated: Feb 16, 2017
Quiz Scoreboard
CHALLENGE
Sign Up to Join the Scoreboard
Show All
Scores
Hide
Comments
May contain spoilers
Recently Published
1-10 Letter E Words III
by El_Dandy
Language
2m
Street Fighter Characters
by Artimus82
Gaming
60s
College Basketball Coaching Resumes
by pancakes188
Sports
9m
More to Explore
Quiz From the Vault
Featured Blog Post
Where Did the Easter Bunny Come From?
hide this ad
You Might Also Like...
Tags
Album Quiz
Rock Quiz
Song Quiz
track
Today's Top Quizzes in Music
Browse Music
hide this ad
Today's Top Quizzes in Song
Browse Song
Top Contributed Quizzes in Music
1
Taylor Swift All Songs (2024)
2
Taylor Swift Logic Puzzle
3
Guess the Artist- 70s Songs
4
7-to-1: Billboard Hot 100 #1 Hits of 2010s
5
Sorting Albums and Songs
6
KPOP LOGIC QUIZ
7
Billboard Blitz: Aretha Franklin
8
Guess the Taylor Swift song (Mystery Song)
9
Guess The Taylor Swift Lyrics Song #1
10
Billboard Blitz: ABBA
Explore More
Trending Topics
NBA
Crossword
Marvel
Kpop
Disney
Anime
Harry Potter
Soccer
Country
Pokémon
Song
WWE
The Office
NFL
Puzzle
hide this ad
More By:
dc_pigpen
Quiz
Plays
Rating
Category
Featured
Created
The Microphones albums
102
5.00
Music
May 3, 2010
Aesop Rock Songs
63
3.00
Music
May 7, 2010
Go to Creator's Profile
Score Distribution
Quiz Creator Spotlight
dc_pigpen
Follow
Send a Message
Quizzes Created
-
Created Quiz Play Count
-
More By This Creator
Popular Quizzes Today
1
Find the US States - No Outlines Minefield
2
Find the Countries of Europe - No Outlines Minefield
3
The Countries of the World
4
Find the US States
5
Risky Map Clicking: Biggest States A-Z
6
US States
7
Popular People in 1961
8
Movies - When Are They Set?
More Music Quizzes
3 Hits, 1 Click: 1990s
Published
Trending Quizzes
Risky Map Clicking: Least Populous States A-Z
Billboard Blitz: Aretha Franklin
1-10 Letter G Words
Countries of the World: 200 Million BC
1-10 Letter F Words
Recently Updated
Leaping Animals
pecheneg
Reality TV Shows (A-Z)
bhenderson79
Rickey Henderson's Hall of Fame Teammates
pecheneg
Champions League XIs: Arsenal
pecheneg
Quick Pick: Celebrities in WWE's Hall of Fame
aduchscher
A-Z Keypad Blitz II
pecheneg
Multiple Oscar Actors
pecheneg
Mystery Phrase Blitz: Oscar 'Best Actors'
pecheneg
F. Scott Fitzgerald Novels
LTH
Pick 3 Villains
ddd62291
Trending Topics
Disney
NBA
Harry Potter
Marvel
Kpop
Crossword
Anime
Song
Soccer
WWE
NFL
Country
The Office
Pokémon
Puzzle
Your Account Isn't Verified!
In order to create a playlist on Sporcle, you need to verify the email address you used during registration. Go to your
Sporcle Settings
to finish the process.
Report this User
Report this user for behavior that violates our
Community Guidelines
.
Details:
Send Report
Go to the Sporcle.com Mobile Site →
Comments